Central Library OPAC University of Rajshahi

Preservation of Endangered Languages of Bangladesh Mahale Voices / (Record no. 85968)

MARC details
000 -LEADER
fixed length control field 00775nam a22002411a 4500
001 - CONTROL NUMBER
control field 85968
003 - CONTROL NUMBER IDENTIFIER
rucl marc code BD-RjUL
005 - DATE AND TIME OF LATEST TRANSACTION
control field 20251119110618.0
008 - FIXED-LENGTH DATA ELEMENTS--GENERAL INFORMATION
fixed length control field 251118s2025 bg p|||| |||| 00| 0 eng d
020 ## - INTERNATIONAL STANDARD BOOK NUMBER
International Standard Book Number 9789842007149 :
Terms of availability TK.1990.00
035 ## - SYSTEM CONTROL NUMBER
System control number (BD-RjUL)
040 ## - CATALOGING SOURCE
Original cataloging agency BD-RjUL
Language of cataloging eng
Transcribing agency BD-RjUL
041 ## - LANGUAGE CODE
Language code of text/sound track or separate title eng
082 ## - DEWEY DECIMAL CLASSIFICATION NUMBER
Edition number 23
Classification number 499.09
Author mark and year MUP 2025
100 ## - MAIN ENTRY--PERSONAL NAME
Personal name Muzaffar, Towhid Bin
9 (RLIN) 17341
245 ## - TITLE STATEMENT
Title Preservation of Endangered Languages of Bangladesh Mahale Voices /
Statement of responsibility, etc. Towhid Bin Muzaffar, Haroonuzzaman, Santosh Hemrom
260 ## - PUBLICATION, DISTRIBUTION, ETC. (IMPRINT)
Place of publication, distribution, etc. Dhaka :
Name of publisher, distributor, etc. Adorn,
Date of publication, distribution, etc. 2025
300 ## - PHYSICAL DESCRIPTION
Pagination 292 p.:
Illustrations ill.;
Size 25 cm.
650 ## - SUBJECT ADDED ENTRY--TOPICAL TERM
Topical term or geographic name as entry element Mahale Voices (Other language)
Form subdivision History and Criticism
9 (RLIN) 17355
700 ## - ADDED ENTRY--PERSONAL NAME
Personal name Haroonuzzaman
Personal name Hemrom, Santosh
942 ## - ADDED ENTRY ELEMENTS (KOHA)
Source of classification or shelving scheme Dewey Decimal Classification
Koha item type Books
Holdings
Lost status Source of classification or shelving scheme Damaged status Not for loan Collection code Permanent Location Current Location Shelving location Date acquired Source of acquisition Cost, normal purchase price Full call number Date last seen Copy number Koha item type
  Dewey Decimal Classification   Not For Loan Non-fiction Central Library, University of Rajshahi Central Library, University of Rajshahi Reading Room 18/11/2025 Bangladesh centre for Athnik studies, Rajshahi 1592.00 499.09 MUP 2025 18/11/2025 C-1 Books
  Dewey Decimal Classification     Non-fiction Central Library, University of Rajshahi Central Library, University of Rajshahi General Stacks 18/11/2025 Bangladesh centre for Athnik studies, Rajshahi 1592.00 499.09 MUP 2025 19/11/2025 C-2 Books